<?xml version="1.0" encoding="UTF-8"?>
<record
    xmlns:xsi="http://www.w3.org/2001/XMLSchema-instance"
    xsi:schemaLocation="http://www.loc.gov/MARC21/slim http://www.loc.gov/standards/marcxml/schema/MARC21slim.xsd"
    xmlns="http://www.loc.gov/MARC21/slim">

  <leader>01240nam a22002657a 4500</leader>
  <controlfield tag="005">20240530110542.0</controlfield>
  <controlfield tag="008">150627s2013    jo dk  g b    000 0 ara d</controlfield>
  <datafield tag="017" ind1=" " ind2=" ">
    <subfield code="a">2012/10/3959</subfield>
  </datafield>
  <datafield tag="040" ind1=" " ind2=" ">
    <subfield code="a">EG-CaGPL</subfield>
  </datafield>
  <datafield tag="082" ind1="0" ind2="4">
    <subfield code="2">21</subfield>
    <subfield code="a">371.334\</subfield>
    <subfield code="b">&#x645; &#x642;</subfield>
  </datafield>
  <datafield tag="100" ind1="0" ind2=" ">
    <subfield code="a">&#x645;&#x635;&#x637;&#x641;&#x649; &#x639;&#x648;&#x62F;&#x629; &#x62C;&#x648;&#x64A;&#x641;&#x644;</subfield>
  </datafield>
  <datafield tag="245" ind1="1" ind2="2">
    <subfield code="a">&#x627;&#x644;&#x642;&#x637;&#x639; &#x627;&#x644;&#x62A;&#x639;&#x644;&#x64A;&#x645;&#x64A;&#x629; &#x627;&#x644;&#x627;&#x644;&#x643;&#x62A;&#x648;&#x646;&#x64A;&#x629; &#x627;&#x644;&#x62A;&#x635;&#x645;&#x635;&#x645; &#x648; &#x627;&#x644;&#x627;&#x646;&#x62A;&#x627;&#x62C; :</subfield>
    <subfield code="b">&#x628;&#x631;&#x646;&#x627;&#x645;&#x62C; &#x62A;&#x62F;&#x631;&#x64A;&#x628;&#x649; &#x644;&#x62A;&#x635;&#x645;&#x64A;&#x645; &#x627;&#x644;&#x642;&#x637;&#x639; &#x627;&#x644;&#x62A;&#x639;&#x644;&#x64A;&#x645;&#x64A;&#x629; &#x627;&#x644;&#x627;&#x644;&#x643;&#x62A;&#x631;&#x648;&#x646;&#x64A;&#x629; &#x648; &#x627;&#x646;&#x62A;&#x627;&#x62C;&#x647;&#x627; &#x648;&#x641;&#x642; &#x645;&#x646;&#x62D;&#x649; &#x627;&#x644;&#x646;&#x638;&#x645; &#x628;&#x627;&#x633;&#x62A;&#x62E;&#x62F;&#x627;&#x645; &#x628;&#x631;&#x646;&#x627;&#x645;&#x62C; &#x641;&#x644;&#x627;&#x634; /</subfield>
    <subfield code="c">&#x645;&#x635;&#x637;&#x641;&#x649; &#x639;&#x648;&#x62F;&#x629; &#x62C;&#x648;&#x64A;&#x641;&#x644; &#x61B; &#x62A;&#x642;&#x62F;&#x64A;&#x645; &#x62D;&#x627;&#x631;&#x62B; &#x639;&#x628;&#x648;&#x62F;</subfield>
  </datafield>
  <datafield tag="246" ind1=" " ind2=" ">
    <subfield code="a">ELECTRONIC LEARNING OBJECTS DESIGN &amp; CREATION</subfield>
  </datafield>
  <datafield tag="250" ind1=" " ind2=" ">
    <subfield code="a">&#x637;1</subfield>
  </datafield>
  <datafield tag="260" ind1=" " ind2=" ">
    <subfield code="a">&#x639;&#x645;&#x627;&#x646; :</subfield>
    <subfield code="b">&#x62F;&#x627;&#x631; &#x627;&#x644;&#x645;&#x633;&#x64A;&#x631;&#x629; &#x644;&#x644;&#x646;&#x634;&#x631; &#x648;&#x627;&#x644;&#x62A;&#x648;&#x632;&#x64A;&#x639; &#x648; &#x627;&#x644;&#x637;&#x628;&#x627;&#x639;&#x629; &#x60C;</subfield>
    <subfield code="c">2013 .</subfield>
  </datafield>
  <datafield tag="300" ind1=" " ind2=" ">
    <subfield code="a">414 &#x635; :</subfield>
    <subfield code="b">&#x627;&#x64A;&#x636; &#x61B;</subfield>
    <subfield code="c">24 &#x633;&#x645;</subfield>
  </datafield>
  <datafield tag="504" ind1=" " ind2=" ">
    <subfield code="a">&#x628;&#x628;&#x644;&#x64A;&#x648;&#x62C;&#x631;&#x627;&#x641;&#x64A;&#x629; : &#x635; 403 - 414</subfield>
  </datafield>
  <datafield tag="650" ind1="0" ind2="4">
    <subfield code="a">&#x627;&#x644;&#x62D;&#x627;&#x633;&#x628;&#x627;&#x62A; &#x627;&#x644;&#x627;&#x644;&#x643;&#x62A;&#x631;&#x648;&#x646;&#x64A;&#x629;</subfield>
  </datafield>
  <datafield tag="650" ind1="0" ind2="4">
    <subfield code="a">&#x628;&#x631;&#x627;&#x645;&#x62C; &#x627;&#x644;&#x62D;&#x627;&#x633;&#x628;&#x627;&#x62A;</subfield>
  </datafield>
  <datafield tag="650" ind1="0" ind2="4">
    <subfield code="a">&#x627;&#x644;&#x62D;&#x627;&#x633;&#x628;&#x627;&#x62A; &#x627;&#x644;&#x627;&#x644;&#x643;&#x62A;&#x631;&#x648;&#x646;&#x64A;&#x629;</subfield>
    <subfield code="x">&#x62A;&#x635;&#x645;&#x64A;&#x645;</subfield>
  </datafield>
  <datafield tag="650" ind1="0" ind2="4">
    <subfield code="a">&#x627;&#x644;&#x645;&#x639;&#x644;&#x648;&#x645;&#x627;&#x62A;</subfield>
    <subfield code="x">&#x639;&#x644;&#x645;</subfield>
  </datafield>
  <datafield tag="700" ind1="0" ind2=" ">
    <subfield code="a">&#x62D;&#x627;&#x631;&#x62B; &#x639;&#x628;&#x648;&#x62F;</subfield>
    <subfield code="e">&#x645;&#x642;&#x62F;&#x645;</subfield>
  </datafield>
  <datafield tag="942" ind1=" " ind2=" ">
    <subfield code="2">ddc</subfield>
    <subfield code="c">BK</subfield>
  </datafield>
  <datafield tag="999" ind1=" " ind2=" ">
    <subfield code="c">62278</subfield>
    <subfield code="d">62278</subfield>
  </datafield>
  <datafield tag="952" ind1=" " ind2=" ">
    <subfield code="0">0</subfield>
    <subfield code="1">0</subfield>
    <subfield code="4">0</subfield>
    <subfield code="7">0</subfield>
    <subfield code="a">CAI</subfield>
    <subfield code="b">CAI</subfield>
    <subfield code="d">2016-05-14</subfield>
    <subfield code="l">0</subfield>
    <subfield code="o">371.334\ &#x645; &#x642;</subfield>
    <subfield code="p">161952</subfield>
    <subfield code="r">2016-05-14 00:00:00</subfield>
    <subfield code="w">2016-05-14</subfield>
    <subfield code="y">BK</subfield>
  </datafield>
</record>
